00399nam a2200157Ia 45000010006000000050017000060080041000230410008000640820016000721000029000882450071001172600009001883000028001976500008002256540008002331137720260306162823.0260306t1993||||xx |||||||||||||| ||spa|| aESP a985.04bD98 aDurand Florez, LuiseAUT 0aEl proceso de independencia en el sur andino:bCuzco y La Paz 1805 c1993 a529 páginas :c24 cm. aGEN aCHU